| 000 | 00675nam0a22002291 4500 | ||
|---|---|---|---|
| 001 | rc\695090 | ||
| 005 | 20250621213930.0 | ||
| 035 | _a(NLR Aleph) 005931547 | ||
| 090 |
_a6583722 _c6583723 |
||
| 100 | _a20031121d1985 |||y0rusy50 ca | ||
| 101 | 0 | _arus | |
| 102 | _aRU | ||
| 105 | _ay ||||||||| | ||
| 200 | 1 |
_aЛатышские дайны _fПеревел с латыш. Ф. Скудра _g[Послесл. С. Виесе, с. 392-413] |
|
| 210 |
_aРига _cЛиесма _d1985 |
||
| 215 |
_a414 с. _d17 |
||
| 702 | 1 |
_aСкудра _bФ. _gФеликс _4730 |
|
| 801 | 0 |
_aRU _bNLR _gpsbo |
|
| 801 | 1 |
_aRU _bELAR _2rusmarc |
|
| 852 |
_aNLR _j86-2/1425 |
||
| 942 | _cBOOK | ||
| 980 | _aNB | ||